000 00872nam a2200253 a 4500
001 000021198
003 DO-SdBNP
005 20250711124154.0
008 100902s1995 dr bd 000 0 spa d
040 _aDO-SdBNP
_bspa
_cBNPHU
082 _a379.729372
_bR426s
110 1 _aRepública Dominicana.
_bPlan Decenal de Educación
_944321
245 1 0 _aSíntesis del plan decenal de educación de la regional de Azua.
260 _aSanto Domingo :
_bEditora de Colores,
_c1995.
300 _a334 p. :
_bgráf., maps. ;
_c25 cm.
490 1 _aRegional.
_aDocumento
_v1
590 _aInventariado, 2018/MFF
650 0 _aEducación y estado
_951256
650 0 _aPlanificación educativa
_917484
650 4 _aEducación
_zRepública Dominicana
_zAzua
_944322
830 0 _aRegional.
_pDocumento
_v1
_943108
910 _aValidado. Control de calidad MFF
942 _2ddc
_cLBS1
999 _c20699
_d20699